Statistiques concernant Préfectures de France en jeux de mots

Cliquez ici pour prendre le quiz!

Statistiques générales

  • Ce quiz a été pris 166 fois
  • Le résultat moyen est 24 sur 51

Statistiques - réponses

PhraseDépartement% Correct
et un et deux et _ _ _ _ _ _ zéroTroyes
89%
Quand Brice te dis que c'est bon en anglaisNice
88%
Ta blague n'était pas drôle donc j'ai _ _ _ _ _Paris
82%
L'amont ou _ _ _ _ _Laval
81%
Le Père Noël se fait conduire parRennes
76%
Tu gagne, t'es en position domi_ _ _ _ _ _Nantes
75%
Ré, Yeu ou BréhatLille
70%
Je préfèrerai le mode "To win" not "_ _ _ _ _ _ _ _"Toulouse
66%
Si c'est ni toi, _ _ _ _ _ je vois qui c'estNimes
65%
Tu a rendz-vous a 8h, il faut rien mangé avantAgen
63%
Formule moi ta de _ _ _ _ _Mende
63%
_ _ _ _ _ _onge n'est pas toléré iciLe Mans
62%
Passe la vitesse supèrieure a 3000 _ _ _ _ _ /minTours
62%
C'est pour _ _ _ _ la prochaine soiréeCaen
60%
_ _ _ _ _sole de jeu est une ps4Macon
60%
En le _ _ _ _ _ de coups, ca va te soulagerRouen
59%
Louves pour anagrammesVesoul
53%
Ici on est tous frères et soeurs parce qu'on aQuimper
52%
Cette ville ne peut pas être plus proche de la merBordeaux
51%
On le mange, même en céréalesLyon
51%
Pourquoi fais-tu tes services tout cours, fais lesToulon
51%
On i_ _ _ _ _ toujours ce qui a pu se passerNiort
49%
AHAHAHA elle bonne taVannes
49%
mon surnom c'est Dam, devine mon prénomAmiens
47%
Faut savoir soit tu me dis non, soit tu me dis OuiNancy
46%
Tu connais la blague du squelette, pas dePau
46%
Public ou privé, le lycée fait dans la polyValence
45%
Gateau, Grignoter, ca commence parAngers
43%
tu as totalement _ _ _ _ _cté laDijon
41%
Elle dit oui avec sa têteAuch
39%
le _ _ _ est passé de 0.833 a 1 secondeGap
37%
On le fête le lendemain de NoëlSaint Étienne
37%
Synonyme de Vires ou dégagesLimoges
36%
_ _ _ _ _ _l te plait, viens iciAnnecy
33%
On le manger en patéFoix
33%
Ils tournent comme une héliceMoulins
33%
Une préfecture dans le gentilé de la préfecture du 38Blois
32%
Morceau de tissuTulle
32%
Monter ce _ _ _ _ _ _rache les jambesColmar
31%
Quand on annonce une bonne... nouvelleOrléans
31%
On la fête le 9 OctobreSaint-Denis
31%
C'est le _ _ _ _ _ _ _ _ de la victoireBeauvais
30%
Tu te _ _ _ _ _ _ de sortiePrivas
30%
Peut être que dans le 34 tu trouvera son pèrePerpignan
29%
Cela aurai pu être le _ _ _ _ _ _ tu ne l'a pas faitCahors
28%
Vous traînez la nuit vers 3h, donc vous _ _ _ _ _Rodez
27%
Attention la mer sera agitée, avec 9 _ _ _ _ _ _ l'EstNevers
25%
Ville qui devrait compter le plus de chomeursChaumont
23%
On _ _ _ _ _ _ _ _ qu'avec le consentement familialNanterre
20%
Imagine que celui de louis XIV est orangeChateauroux
14%
Tu peux rester avec _ _ _ _ _ _ une seule conditionNouméa
5%

Distribution des résultats

Percentile par nombre de réponses

% des personnes avec chaque résultat

Votre développement - résultats

Vous n’avez pas pris ce quiz